000 00798nam a22002297a 4500
003 OSt
005 20260213152437.0
008 260213b |||||||| |||| 00| 0 eng d
020 _a978-612-4194-30-6
040 _bspa
_cumch
_dumch
_erda
082 _aU 869.57008/ P8
245 _aPalabras que cuentan
_c[compilador, Amado Muñoz Cuchca].
250 _a1a ed.
260 _aLima:
_bFondo editorial de la Universidad Marcelino Champagnat,
_c2022
300 _a147 p.
_c20 cm.
490 _aAntología Literaria
_v8
505 _g1 :
_tModalidad cuento --
_g2 :
_tModalidad Poesía --
_g3 :
_tModalidad ensayo.
650 _2Cuento peruano
_vColecciones.
_ySiglo XX
700 1 _aMuñoz Cuchca, Amado,
_d1967-,
_ecompilador.
710 2 _aUniversidad Marcelino Champagnat (Lima)
942 _2ddc
_cLIB
_n0
999 _c53615
_d53615